Представление документа в формате MARC21

Поле Инд. ПП Название Значение
Тип записи a
Библиографический уровень m
001 Контрольный номер e84508d2-7c2e-4526-b993-b53e14ce3ba6
005 Дата корректировки 20140703124557.0
008 Кодируемые данные 040324
020 c Цена, тираж б/ц
040 a Служба первич. каталог. НБ ТвГУ
041 a Код языка текста rus
080 a Индекс УДК 882.09(043.3)
084 a Индекс другой классификации/Индекс ББК Ш5(2=411.2)6-34я031
090 x Авторский знак Д30
a Полочн. индекс Ш5(2=411.2)
100 1_ a Автор Демина Людмила Ивановна
245 10 a Заглавие Эволюция конфликта в русском литературном процессе 50-60-х годов XX века
b Продолж. заглавия Автореф. дис. ... д-ра филол. наук : 10.01.01
c Ответственность Адыгейский гос. ун-т, Каф. лит. и журналистики
260 1_ a Место издания Краснодар
b Издательство Б. и.
c Дата издания 2002
300 a Объем 50 с.
500 a Примечание На правах рукоп.
504 a Библиография Библиогр.: с.49-50.
a Библиография Библиогр. в подстроч. примеч.
583 a Действие Получение впервые 121 23.03.2004
650 a Основная рубрика Русская литература
x Основная подрубрика История
y Хронологическая подрубрика 20 в.
650 a Основная рубрика Тема конфликта в литературе
653 a Ключевые слова Русская литература
a Ключевые слова Тема конфликта в литературе
a Ключевые слова Литературный процесс
a Ключевые слова Авторефераты
852 t Порядковый номер экземпляра 1
p Инвентарный номер б/н
888 a Бесплатные
930 a Новая/Ретро авторефераты
952 p 121.2004 б/ц 1 б/н
c Вид литературы А/Р н
954 a Дата поступления на обработку 20040426
999 a Подразделение 2 ч.з.